000
00394 a2200181 4500
260
_b
Association pour la Promotion Industrie Agriculture
300
_a
52p.
245
_a
Les Produits nouveaux alimentaires
650
_a
260
_a
Paris
300
_b
Ill.
260
_c
1980
130
_l
Fr
710
_a
APRIA
690
_a
produit alimentaire
999
_c
26970
_d
26970